|
|
|
|
| LEADER |
00000cam a2200000 7i4500 |
| 001 |
0000052762 |
| 002 |
000017101 |
| 005 |
20020329.0 |
| 020 |
|
|
|a 0552145084
|
| 090 |
0 |
0 |
|a F
|b STE
|
| 100 |
1 |
|
|a Steel, Danielle
|
| 245 |
1 |
0 |
|a Granny Dan
|c Danielle Steel
|
| 260 |
|
|
|a London :
|b Corgi Books ,
|c 1999
|
| 300 |
|
|
|a 303 p. ;
|c 18 cm.
|
| 650 |
0 |
0 |
|a Romance fiction
|
| 999 |
|
|
|a 00178194
|b BUKU
|c PINJAMAN
|e PERPUSTAKAAN KOMUNITI CAW KOTA DAMANSARA
|
| 999 |
|
|
|a 126795
|b BUKU
|c FICTION
|e PERPUSTAKAAN KOMUNITI CAW KOTA DAMANSARA
|
| 999 |
|
|
|a 126796
|b BUKU
|c FICTION
|e PERPUSTAKAAN KOMUNITI PETALING JAYA
|
| 999 |
|
|
|a 126797
|b BUKU
|c FICTION
|e PERPUSTAKAAN KOMUNITI CAW KOTA DAMANSARA
|